Ruhrpott-Quiz (Multiple Choice) - Statistiken

Allgemein
  • Dieses Quiz wurde 102 mal gespielt
  • Das Durchschnittsergebnis liegt bei 13 aus 20
Antwortstatistiken
Frage Antwort % Korrekt
Wie wird eine Kohlemine genannt? Zeche
97%
Welcher Sänger sang ein bekanntes Lied über seine Heimatstadt Bochum? Herbert Grönemeyer
95%
Wie heißt der Fluss, der durch Hamm, Lünen und Dorsten fließt? Lippe
87%
Wie heißt der Fluss, welcher seine Quelle in Holzwickede hat und dann durchs nördliche Ruhrgebiet fließt und in den Rhein mündet? Emscher
81%
Wie wird veredelte Kohle genannt, die für die Stahlproduktion notwendig ist? Koks
80%
Wie heißt eine Stadt im Kreis Recklinghausen? Datteln
78%
Wie wird Currywurst mit Pommes auch genannt? Mantaplatte
77%
Was ist die einwohnermäßig größte Stadt des Ruhrgebietes? Dortmund
74%
Wo findet die Cranger Kirmes, das größte Volksfest NRWs statt? Herne
73%
Welche Industriellenfamilie ließ sich die Villa Hügel bauen? Krupp
70%
Hagen gilt als das Tor zum ...? Sauerland
65%
In einem bekannten Schlager heißt es: "Nichts ist so schön wie der Mond von..."? Wanne-Eickel
64%
Wo kann man im Bermudadreieck verloren gehen? Bochum
63%
Wo ermittelte Tatortkommissar Horst Schimanski? Duisburg
57%
In Hamm befindet sich ein 35 Meter hoher, gläsener...? Elefant
49%
Welcher Verein wurde noch nie Deutscher Fußballmeister der Herren? MSV Duisburg
47%
Was ist ein Kusselkopp? Purzelbaum
42%
Welcher Preis wird jährlich in Marl vergeben? Grimme-Preis
38%
Welches Bier kommt nicht aus dem Pott? Veltins
19%
Wie wird die Film-Triologie aus "Bang Boom Bang", "Was nicht passt, wird passend gemacht" und "Goldene Zeiten" genannt? Unna-Triologie
14%
Keine übereinstimmenden Quizze gefunden
Verteilung der Resultate
Anzahl Personen mit jedem Resultat
Perzentil nach korrekt beantworteten Fragen
Ihre Resultats-Entwicklung
Sie haben dieses Quiz noch nicht gespielt